UBT Library

LEADERSHIP (Record no. 59710)

000 -LEADER
fixed length control field 00329nam a22001457a 4500
008 - FIXED-LENGTH DATA ELEMENTS--GENERAL INFORMATION
fixed length control field 230515b ||||| |||| 00| 0 eng d
020 ## - INTERNATIONAL STANDARD BOOK NUMBER
International Standard Book Number 2740286195172
041 ## - LANGUAGE CODE
Language code of text/sound track or separate title eng
080 ## - UNIVERSAL DECIMAL CLASSIFICATION NUMBER
Edition identifier SEVENTH EDITION
Universal Decimal Classification number 658
082 ## - DEWEY DECIMAL CLASSIFICATION NUMBER
Classification number 658NOR
100 ## - Rafti
Rafti 24
101 ## - Shkurtesa
Shkurtesa LIDERSHIP
245 ## - TITLE STATEMENT
Title LEADERSHIP
Statement of responsibility, etc NORTHOUSE.G.P
942 ## - ADDED ENTRY ELEMENTS (KOHA)
Source of classification or shelving scheme
Item type Books
Holdings
Withdrawn status Lost status Source of classification or shelving scheme Damaged status Not for loan Collection code Permanent location Current location Shelving location Date acquired Total Checkouts Full call number Barcode Date last seen Price effective from Koha item type
          Koleksioni i përgjithshem UBT - Lipjan UBT - Lipjan Koleksioni i përgjithshem 05/15/2023   658NOR 002-800080198 05/15/2023 05/15/2023 Books
UBT Library © 2015-2024. All rights reserved University Education for Business and Technology